| 000 | 01706nam0a2200373 4500 | ||
|---|---|---|---|
| 001 | RU\NLR\bibl\1179040 | ||
| 005 | 20260405055429.0 | ||
| 010 |
_a978-5-9576-0379-5 _92000 |
||
| 021 |
_aRU _b2007-84834 _94576 |
||
| 035 | _a(NLR Aleph) 001165664 | ||
| 090 |
_a1565336 _c1565336 |
||
| 100 | _a20080123d2007 |||y0rusy50 ca | ||
| 101 | 0 |
_arus _aeng |
|
| 102 | _aRU | ||
| 105 | _ay ||||||||| | ||
| 200 | 1 |
_aРусско-английский учебный словарь _dRussian-English learner's dictionary _eоколо 20000 слов и 60000 словосочетаний _fЛ.И. Косогова, И.С. Стам _zeng |
|
| 205 | _a6-е изд., стер. | ||
| 210 |
_aМосква _cРусский язык Медиа _d2007 |
||
| 215 |
_a808, [1] с. _d21 |
||
| 300 | _aНа обл. подзаг.: Около 80000 слов и словосочетаний | ||
| 300 | _aАвт. также на англ. яз.: L.I. Kosogova, I.S. Stam | ||
| 510 | 0 |
_6z77790 _aRussian-English learner's dictionary _zeng |
|
| 606 | 0 |
_aРусский язык _xСловари _xАнглийский язык _91536876 _3RU\NLR\auth\66971036 |
|
| 686 | _aШ143.21-491перев | ||
| 700 | 1 |
_4070 _8rus _7ca _aКосогова _bЛ. И. _gЛилия Ивановна _3RU\NLR\auth\7718959 _92034 |
|
| 701 | 1 |
_4070 _8rus _7ca _aСтам _bИ. С. _gИнна Соломоновна _3RU\NLR\auth\7717194 _9284 |
|
| 790 | 1 |
_4070 _8rus _7ba _aKosogova _bL. I. _gLilija Ivanovna _3RU\NLR\auth\7718960 _92035 |
|
| 790 | 1 |
_4070 _8rus _7ba _aStam _bI. S. _gInna Solomonovna _3RU\NLR\auth\7718958 _92033 |
|
| 801 | 0 |
_aRU _bNLR _c20060127 _grcr |
|
| 801 | 1 |
_aRU _bNLR _c20060127 |
|
| 942 | _cBOOK | ||
| 980 | _aNB | ||